000 00709cam a2200253 4500500
005 20260405003227.0
041 _afre
042 _adc
100 1 0 _aLacroix, Alexandre
_eauthor
245 0 0 _aEt si on dégonflait (un peu) l’identité ?
260 _c2021.
500 _a53
690 _aAlexandre Lacroix
690 _aGénéalogie
690 _aHistoire
690 _aIdentité
690 _aNietzsche
690 _aOrigine
690 _aPaysan
690 _aRacine
690 _aRacines
786 0 _nPhilosophie magazine | 147 | 3 | 2021-03-01 | p. 1-2 | 1951-1787
856 4 1 _uhttps://shs.cairn.info/magazine-philosophie-magazine-2021-3-page-1?lang=fr&redirect-ssocas=7080
999 _c2065537
_d2065537